000 00733nam a22002177a 4500
008 120917t xxu||||| |||| 00| 0 eng d
020 _a9-7807-5453-8950
082 _222 ed.
_a346.052 MCK
_b
100 _aMckie, Sharon
_96746
245 _aTolley's estate planning 2010-11 /
_c Sharon Mckie and Simon Mckie
260 _aUnited Kingdom :
_bLexisNexis
_c2010
300 _axxxiv. ; 566 p. :
_c23 cm.
500 _aIncludes Index
650 _aEstate planning -- England
_96747
650 _a Estate planning -- Wales
_96748
650 _a Tax planning -- England
_96749
650 _a Tax planning -- Wales
_96750
650 _aTolley's estate planning 2010-11
_96751
700 _a Mckie, Simon
_96752
942 _2ddc
_cBK
999 _c5196
_d5196